| 000 | 00868nam a22002537a 4500 | ||
|---|---|---|---|
| 005 | 20180123115400.0 | ||
| 010 | _a1718EN-30 ENG-121970 | ||
| 020 |
_a9789352533107 _c650.00 |
||
| 035 | _aEN-105502 | ||
| 035 | _aB-686386-405 | ||
| 037 |
_bABC _adpl |
||
| 037 | _bDBAD/PUB | ||
| 082 | _a530 | ||
| 100 | _aMurugeshan, R. | ||
| 245 |
_aModern physics / _cby R. Murugeshan [and] Kiruthiga Sivaprasath |
||
| 250 | _a18th ed | ||
| 260 |
_aNew Delhi _bS. Chand Publishing _c2016 |
||
| 270 |
_a7361,Ram Nagar _bNew Delhi _e110055 |
||
| 300 | v |
_axvi,1067p. : _c24cm(pbk) _bill. |
|
| 500 | _aIncludes index | ||
| 700 | _aSivaprasath, Kiruthiga | ||
| 942 |
_2ddc _cEN _mMUR _h530 |
||
| 999 |
_c144252 _d144252 |
||